| 000 | 00846nam a2200289 a 4500 | ||
|---|---|---|---|
| 008 | |||
| 020 | _a0750634154 (pbk.) | ||
| 049 | _aMAIN | ||
| 090 | _aRM171 | ||
| 100 | 1 | _aOverfield, J. | |
| 245 | 1 | 0 |
_aTransfusion science / _cJ. Overfield, M. Dawson, D. Hamer. |
| 260 |
_aOxford : _bButterworth Heinemann, _c1999. |
||
| 300 |
_a202 p. : _bill. ; _c25 cm. |
||
| 440 | 1 | _aBMS explained | |
| 504 | _aIncludes bibliographical references. | ||
| 500 | _aIncludes index. | ||
| 650 | 0 |
_aBlood _xTransfusion. |
|
| 650 | 4 |
_aBlood _xTransfusion. |
|
| 700 | 1 | _aDawson, Maureen M. | |
| 700 | 1 |
_aHamer, D. _q(David) |
|
| 830 | 0 | _aBiomedical sciences explained series. | |
| 907 |
_a.b10028808 _b06-12-03 _c17-04-03 |
||
| 003 | |||
| 005 | 20230120203825.0 | ||
| 040 | _cNUST | ||
| 942 |
_cBOOKS _kRM171 |
||
| 999 |
_c112140 _d112140 |
||